| 000 | 01083nam a2200229Ia 4500 | ||
|---|---|---|---|
| 003 | Ost | ||
| 005 | 20260507075438.0 | ||
| 008 | 260507s9999||||xx |||||||||||||| ||und|| | ||
| 020 | _a9789957244217 | ||
| 040 | _cfsecg | ||
| 041 | _aara | ||
| 082 | _a658.5 | ||
| 100 |
_aطالب، علاء فرحان _eمؤلف |
||
| 245 | 0 |
_aاساسيات المقارنة المرجعية / _c علاء فرحان طالب |
|
| 260 |
_aعمان: _bدار صفاء, _c2009 |
||
| 300 |
_a224 صفحة؛ _bإيضاحات ؛ _c25 سم |
||
| 504 | _aببليوغرافيا: ص.217-224 | ||
| 520 | _aالدراسات السابقة حول المقارنة المرجعية - تأطيرات نظرية للمقارنة المرجعية -الميزة التنافسية -علاقة المقارنة المرجعية ببعض الإتجاهات الإدارية الحديثة -مقارنة أبعاد الميزة التنافسية قبل وبعد تطبيق المقارنة المرجعية | ||
| 653 | _aادارة الاعمال | ||
| 653 | _aادارة الانتاج | ||
| 942 | _cكتاب | ||
| 999 |
_c44552 _d44552 |
||